| 000 | nam a22 a 4500 | ||
|---|---|---|---|
| 999 |
_c406251 _d406251 |
||
| 003 | BLK | ||
| 005 | 20210407164532.0 | ||
| 008 | 210405b bu |||||r|||| 00| | bu d | ||
| 040 | _aBLK | ||
| 041 |
_aBUL _cBUL |
||
| 080 |
_aСтатистиката като наука. Теория на статистиката _b311 _x(497.2)(083.13) _z311(497.2)(083.13) |
||
| 080 |
_aВъншна търговия. Международна търговия. Външно-търговска политика. Мита. Вж и 336. 4 _b339.5 _x(497.2)(083.13) _z339.5(497.2)(083.13) |
||
| 110 |
_aБългарско Княжество. Статистическо бюро _9446831 |
||
| 139 | _aСтатистика за търговията на българското княжество с чуждите държави през 1891 г. | ||
| 245 | _aСтатистика за търговията на българското княжество с чуждите държави през 1891 г. | ||
| 257 | _aBGR | ||
| 260 |
_aСофия _bСтатист. бюро _c1892 _9213202 _fСофия : печ. Вълков |
||
| 300 |
_a337 с. _bс табл. _c31 см |
||
| 380 | _a3 | ||
| 650 | 0 |
_9283571 _aСтатистика - България |
|
| 653 | 7 |
_9183744 _aвъншна търговия |
|
| 852 |
_aРб 892 _bРц |
||
| 942 |
_cKNG _n0 _s1 |
||
| 944 |
_aCR _c2021-04-07 _kНР |
||
| 999 | _d406251 | ||